| 000 | 00631nam a2200193 i 4500 | ||
|---|---|---|---|
| 001 | 73502 | ||
| 003 | ES-MaACL | ||
| 005 | 20230906171833.0 | ||
| 007 | t| | ||
| 008 | 040908s1977 sp ||||1| spa d | ||
| 100 | 1 |
_aGómez-Heras, José María G. _957978 |
|
| 245 | 1 | 0 |
_aSociedad y utopía en Ernst Bloch _b: presupuestos ontológicos y antropológicos para una filosofía social / _cJosé María G. Gómez-Heras. |
| 260 |
_aSalamanca : _bSígueme, _c1977. |
||
| 300 |
_a244 p. ; _c22 cm. |
||
| 490 | 1 |
_aHermeneia ; _v9 |
|
| 830 | 0 |
_aHermeneia ; _v9 _9180905 |
|
| 852 |
_aES-MaACL _jA-7973 _bR.96721 |
||
| 999 |
_c73502 _d73502 |
||